The economics of education and training / (Record no. 11510)
[ view plain ]
| 000 -LEADER | |
|---|---|
| fixed length control field | 01444cam a22003494a 4500 |
| 001 - CONTROL NUMBER | |
| control field | 15096687 |
| 005 - DATE AND TIME OF LATEST TRANSACTION | |
| control field | 20090403071408.0 |
| 008 - FIXED-LENGTH DATA ELEMENTS--GENERAL INFORMATION | |
| fixed length control field | 071129s2008 gw a b 000 0 eng d |
| 010 ## - LIBRARY OF CONGRESS CONTROL NUMBER | |
| LC control number | 2007942365 |
| 020 ## - INTERNATIONAL STANDARD BOOK NUMBER | |
| International Standard Book Number | 9783790820218 |
| 020 ## - INTERNATIONAL STANDARD BOOK NUMBER | |
| International Standard Book Number | 3790820210 |
| 035 ## - SYSTEM CONTROL NUMBER | |
| System control number | (OCoLC)ocn191760115 |
| 040 ## - CATALOGING SOURCE | |
| Original cataloging agency | YDXCP |
| Transcribing agency | YDXCP |
| Modifying agency | BAKER |
| -- | IUL |
| -- | DLC |
| 042 ## - AUTHENTICATION CODE | |
| Authentication code | lccopycat |
| 050 00 - LIBRARY OF CONGRESS CALL NUMBER | |
| Classification number | LC65 |
| Item number | .E254 2008 |
| 082 ## - DEWEY DECIMAL CLASSIFICATION NUMBER | |
| Edition number | 20 |
| Classification number | 374 |
| Item number | ECO |
| 245 04 - TITLE STATEMENT | |
| Title | The economics of education and training / |
| Statement of responsibility, etc | Christian Dustmann, Bernd Fitzenberger, Stephen Machin, eds. |
| 260 ## - PUBLICATION, DISTRIBUTION, ETC. (IMPRINT) | |
| Place of publication, distribution, etc | Heidelberg : |
| Name of publisher, distributor, etc | Physica, |
| Date of publication, distribution, etc | c2008. |
| 300 ## - PHYSICAL DESCRIPTION | |
| Extent | vi, 375 p. : |
| Other physical details | ill. ; |
| Dimensions | 25 cm. |
| 440 #0 - | |
| -- | Studies in empirical economics |
| -- | 4637 |
| 504 ## - BIBLIOGRAPHY, ETC. NOTE | |
| Bibliography, etc | Includes bibliographical references. |
| 650 #0 - SUBJECT ADDED ENTRY--TOPICAL TERM | |
| Topical term or geographic name as entry element | Education |
| General subdivision | Economic aspects |
| Form subdivision | Comparative studies. |
| 9 (RLIN) | 4638 |
| 700 1# - ADDED ENTRY--PERSONAL NAME | |
| Personal name | Dustmann, Christian. |
| 9 (RLIN) | 4639 |
| 700 1# - ADDED ENTRY--PERSONAL NAME | |
| Personal name | Fitzenberger, Bernd. |
| 9 (RLIN) | 4640 |
| 700 1# - ADDED ENTRY--PERSONAL NAME | |
| Personal name | Machin, Stephen. |
| 9 (RLIN) | 4641 |
| 856 41 - ELECTRONIC LOCATION AND ACCESS | |
| Materials specified | Table of contents only |
| Uniform Resource Identifier | <a href="http://www.loc.gov/catdir/toc/fy0805/2007942365.html">http://www.loc.gov/catdir/toc/fy0805/2007942365.html</a> |
| 856 42 - ELECTRONIC LOCATION AND ACCESS | |
| Materials specified | Publisher description |
| Uniform Resource Identifier | <a href="http://www.loc.gov/catdir/enhancements/fy0907/2007942365-d.html">http://www.loc.gov/catdir/enhancements/fy0907/2007942365-d.html</a> |
| 942 ## - ADDED ENTRY ELEMENTS (KOHA) | |
| Source of classification or shelving scheme | Dewey Decimal Classification |
| Item type | Book - Borrowing |
| Withdrawn status | Item status | Source of classification or shelving scheme | Damaged status | Not for loan | Vendor | Home library | Current library | Shelving location | Date acquired | Source of acquisition | Cost, normal purchase price | Serial Enumeration / chronology | Total Checkouts | Full call number | Barcode | Date last seen | Date last borrowed | Koha item type |
|---|---|---|---|---|---|---|---|---|---|---|---|---|---|---|---|---|---|---|
| Dewey Decimal Classification | Academic Bookshop | Central Library | Central Library | First floor | 10/05/2009 | 799.60 | 367 | 2 | 374 ECO | 000016108 | 15/07/2025 | 28/09/2011 | Book - Borrowing |